[Event "GER-chT U10"]
[Site "Magdeburg"]
[Date "2016.12.29"]
[Round "7.2"]
[White "Glok, David"]
[Black "Koegel, Fabio"]
[Result "1-0"]
[WhiteElo "1136"]
[BlackElo "989"]
[PlyCount "59"]
[EventDate "2016.12.27"]
[EventType "team-swiss"]
[EventRounds "7"]
[EventCountry "GER"]
[SourceTitle "EXT 2018"]
[Source "ChessBase"]
[SourceDate "2017.10.13"]
[SourceVersion "1"]
[SourceVersionDate "2017.10.13"]
[SourceQuality "1"]
[WhiteTeam "Muenchen Suedost"]
[BlackTeam "Walldorf"]
[WhiteTeamCountry "GER"]
[BlackTeamCountry "GER"]

1. e4 e5 2. Nf3 Nc6 3. d4 Nf6 4. Nc3 exd4 5. Nxd4 Bc5 6. Be3 0-0 7. Bc4 Qe7 8. Nf5 Qe5 9. f4 Qe8 10. Bxc5 d6 11. Be3 Bxf5 12. Qf3 Bxe4 13. Nxe4 Nxe4 14. Bd3 Nc5 15. 0-0 Nxd3 16. cxd3 Qe6 17. f5 Qe5 18. Rfe1 Qxb2 19. Qg3 Ne7 20. Rab1 Qxa2 21. f6 Ng6 22. fxg7 Kxg7 23. Qg4 Qe6 24. Bh6+ Kxh6 25. Rxe6 fxe6 26. Qxe6 b6 27. Qd7 Rfc8 28. Rf1 a5 29. Rf7 Nh4 30. Rxh7+ 1-0

[Event "GER-chT U10"]
[Site "Magdeburg"]
[Date "2016.12.29"]
[Round "6.2"]
[White "Gorodezki, Andrey"]
[Black "Glok, David"]
[Result "1-0"]
[WhiteElo "1085"]
[BlackElo "1136"]
[PlyCount "64"]
[EventDate "2016.12.27"]
[EventType "team-swiss"]
[EventRounds "7"]
[EventCountry "GER"]
[SourceTitle "EXT 2018"]
[Source "ChessBase"]
[SourceDate "2017.10.13"]
[SourceVersion "1"]
[SourceVersionDate "2017.10.13"]
[SourceQuality "1"]
[WhiteTeam "Berlin Schachpinguine"]
[BlackTeam "Muenchen Suedost"]
[WhiteTeamCountry "GER"]
[BlackTeamCountry "GER"]

1. e4 c5 2. Nc3 g6 3. Nf3 Bg7 4. Bc4 d6 5. 0-0 Nc6 6. d3 h6 7. Be3 Bxc3 8. bxc3 Nf6 9. d4 Nxe4 10. d5 Ne5 11. Nxe5 dxe5 12. Qd3 Bf5 13. Bb5+ Kf8 14. Qc4 Nd6 15. Qxc5 b6 16. Qb4 a5 17. Qa4 e6 18. c4 exd5 19. cxd5 Ra7 20. c4 Bd7 21. Bxd7 Qxd7 22. Qxd7 Rxd7 23. Bxb6 Nxc4 24. Bc5+ Kg7 25. Rfd1 Rc8 26. Be3 Rcd8 27. Rac1 Nb6 28. Bxb6 Rxd5 29. Bxd8 Rb5 30. a4 Rb4 31. Bxa5 Rxa4 32. Ra1 Rf4 1-0

[Event "Schweinfurt op 26th"]
[Site "Schweinfurt"]
[Date "2016.05.28"]
[Round "5"]
[White "Glok, David"]
[Black "Weineck, Ekkehard"]
[Result "0-1"]
[WhiteElo "915"]
[BlackElo "1606"]
[PlyCount "34"]
[EventDate "2016.05.26"]
[EventType "swiss"]
[EventRounds "7"]
[EventCountry "GER"]
[SourceTitle "CBM 172 Extra"]
[Source "ChessBase"]
[SourceDate "2016.06.21"]
[SourceVersion "1"]
[SourceVersionDate "2016.06.21"]
[SourceQuality "1"]

1. e4 c5 2. c3 e5 3. Nf3 Nc6 4. d4 cxd4 5. cxd4 exd4 6. Nxd4 Bc5 7. Nxc6 bxc6 8. Nc3 Ne7 9. Bg5 0-0 10. Qh5 Qb6 11. Bd3 Qxb2 12. e5 Qxc3+ 13. Ke2 Qxe5+ 14. Kd2 Bb4+ 15. Kc2 Qc3+ 16. Kd1 Qxd3+ 17. Kc1 Ba3# 0-1

[Event "Schweinfurt op 26th"]
[Site "Schweinfurt"]
[Date "2016.05.28"]
[Round "4"]
[White "Klonov, Sofia"]
[Black "Glok, David"]
[Result "0-1"]
[WhiteElo "866"]
[BlackElo "915"]
[PlyCount "52"]
[EventDate "2016.05.26"]
[EventType "swiss"]
[EventRounds "7"]
[EventCountry "GER"]
[SourceTitle "CBM 172 Extra"]
[Source "ChessBase"]
[SourceDate "2016.06.21"]
[SourceVersion "1"]
[SourceVersionDate "2016.06.21"]
[SourceQuality "1"]

1. e4 b6 2. Nc3 e5 3. Nf3 Nc6 4. Bb5 Nd4 5. Nxd4 exd4 6. Nd5 Bb7 7. c4 Bxd5 8. cxd5 c6 9. Bc4 Bc5 10. d3 b5 11. Bb3 a5 12. a3 a4 13. Ba2 Qf6 14. 0-0 g5 15. b4 Bd6 16. Re1 Qh6 17. Bb2 Qxh2+ 18. Kf1 Qh1+ 19. Ke2 Qxg2 20. Bxd4 f6 21. dxc6 dxc6 22. Bxg8 Rxg8 23. Rg1 Qh3 24. Rh1 Qg4+ 25. f3 Qg2+ 26. Ke3 Bf4# 0-1

[Event "Schweinfurt op 26th"]
[Site "Schweinfurt"]
[Date "2016.05.26"]
[Round "1"]
[White "Glok, David"]
[Black "Froitzheim, Ralf"]
[Result "0-1"]
[WhiteElo "915"]
[BlackElo "1873"]
[PlyCount "86"]
[EventDate "2016.05.26"]
[EventType "swiss"]
[EventRounds "7"]
[EventCountry "GER"]
[SourceTitle "CBM 172 Extra"]
[Source "ChessBase"]
[SourceDate "2016.06.21"]
[SourceVersion "1"]
[SourceVersionDate "2016.06.21"]
[SourceQuality "1"]

1. d4 Nf6 2. Nc3 d5 3. Bg5 g6 4. e3 Bg7 5. Bb5+ c6 6. Ba4 0-0 7. Qf3 Ne4 8. Nxe4 dxe4 9. Qxe4 Qa5+ 10. c3 Qxg5 11. Nf3 Qf6 12. h4 Bf5 13. Qf4 Bd3 14. Qxf6 Bxf6 15. 0-0-0 Be2 16. Rdg1 Nd7 17. d5 Nb6 18. Bd1 Bxd1 19. Kxd1 Nxd5 20. h5 Rfd8 21. hxg6 hxg6 22. Ke2 Kg7 23. Rh2 Rh8 24. Rgh1 Rxh2 25. Nxh2 Rh8 26. c4 Nc7 27. b4 b5 28. cxb5 Nxb5 29. Kd2 Bc3+ 30. Kc2 Bxb4 31. Kb3 Bd6 32. f4 Nc7 33. e4 Bxf4 34. Rf1 Bxh2 35. Rc1 Nb5 36. Rxc6 Nd4+ 37. Kc4 Nxc6 38. Kc5 Ne5 39. a4 Rc8+ 40. Kb5 Bg1 41. Kb4 Rb8+ 42. Ka5 Rb6 43. g4 Nc4# 0-1

[Event "GER-chT U10"]
[Site "Magdeburg"]
[Date "2015.12.27"]
[Round "1.3"]
[White "Glok, David"]
[Black "Conradi, Bennet"]
[Result "1-0"]
[WhiteElo "996"]
[BlackElo "863"]
[PlyCount "42"]
[EventDate "2015.12.27"]
[EventType "team-swiss"]
[EventRounds "7"]
[EventCountry "GER"]
[SourceTitle "EXT 2017"]
[Source "ChessBase"]
[SourceDate "2016.10.25"]
[SourceVersion "1"]
[SourceVersionDate "2016.10.25"]
[SourceQuality "1"]
[WhiteTeam "Muenchen Suedost"]
[BlackTeam "Breitenworbis"]
[WhiteTeamCountry "GER"]
[BlackTeamCountry "GER"]

1. e4 e5 2. Nf3 Nc6 3. Bc4 Be7 4. Nc3 Nf6 5. d3 0-0 6. 0-0 d6 7. Bg5 Bg4 8. h3 Bh5 9. g4 Bg6 10. Nd5 Nxd5 11. Bxe7 Ndxe7 12. Ng5 Nd4 13. c3 Ne6 14. Bxe6 fxe6 15. Nxe6 Qd7 16. Nxf8 Rxf8 17. Qb3+ Bf7 18. Qxb7 Rc8 19. Qxa7 Nc6 20. Qa4 Rb8 21. b4 Qe8 1-0